00595nam a2200217Ia 4500008004100000020001800041050001600059050001400075100002200089245006300111245004500174250001600219260001700235260002000252260000900272300001600281300002000297300001100317500002000328650002900348160404s9999 xx 000 0 und d a971-11-1096-2 aFIL HF 5667 b.F75 2002 aFrias, Solita A.  aTextbook in auditing theory and other assurance services / cSolita A. Frias, Consolacion L. Fajardo. a3rd Edition aQuezon City: bJMC Press Inc., c2002 a285 pages : billustrations ; c25 cm. aIncludes index. aAuditing -- Philippines.